000 00472nam a2200181Ia 4500
001 16182
005 20260306170251.0
008 260306t2003||||xx |||||||||||||| ||und||
041 _aESP
082 _a347.3
_bB81
100 _aBravo Melgar, Sidney Alex
_eAUT
245 0 _aContratos atípicos e innominados :
_bcontratos modernos empresariales
260 _c2003
300 _a795 páginas :
_c24 cm.
650 _aGEN
654 _aCDE
942 _cLIB
_dJUS
_fJUS
_2ddc
_n
999 _c16182
_d16182